000 00682nam a2200253Ia 4500
003 OSt
005 20220924114746.0
006 a|||||r|||| 00| 0
007 ta
008 220923b |||||||| |||| 00| 0 ara d
020 _c100.00
024 _a335599
037 _cTextual
040 _aARTS
_cARTS
_bara
041 _2ara
_aara
082 _aO28xN677.M1, M3
100 _aHaikal Ahmad Au.
_92410
245 0 _aTatoor-al-adab-al-hadis fi misr
260 _aCairo
_bDar-al-ma'arif Egypt
_c1983
300 _a432p.
_ccm.
650 _aARABIC LITERATURE
942 _hO28xN677.M1, M3
_cTEXL
_2CC
999 _c395147
_d395147